02597nkc a2200373za 450000100060000000300040000600500170001000700070002700800410003404000240007510000410009924500360014026000240017630001010020050002400030150001930054150000650073450001340079950001700093350400520110350500350115551001510119051002100134156101300155161000790168165100260176065500400178670000600182685200120188685601500189894200250204895201330207399900170220684636OSt20260323125737.0kh boc250410s19101911sp ||||| ||||||0| i|spa d aM-RABAbspacM-RABA1 aElorza, Lorenzod(1861-1931)911106810aMarañónb: Ventanac/ L. E. c[ca. 1910 – 1911] a1 fotografía b: gelatina de plata c; imagen 12 x 17 cm c; soporte secundario 21,5 x 26,5 cm aVista del ventanal de la iglesia parroquial de Nuestra Señora de la Asunción en Marañón, compuesta por tres arcos de medio punto apeados en línea de imposta lisa sobre tres pares de columnas de fuste liso y capitel decorado.  aFotografía montada sobre soporte secundario de cartulina azul enmarcada con orla en relieve. Título y numeración manuscrita que hace referencia a la posición en la serie “120”. aSello con monograma del fotógrafo en tinta roja “L.E.” aFechas tomadas de la ejecución del positivo de las fotografías, incluido el soporte secundario. (Soto Madrazo, Javier. 2008). aForma parte de un conjunto de 167 fotografías empleadas por Federico Baráibar Zumárraga para la elaboración del Inventario del Románico en Álava (1911).  aBaraibar, F.: "Rincones artísticos", M. 1914. aMarañón.- Ventana. / L. E. aDescripción tomada de: Soto Madrazo, Javier (2008). Federico Baraibar y el Inventario del Románico en Álava: una caja con 167 fotografías. aEsta colección fue utilizada posteriormente por Cristóbal de Castro para la elaboración y publicación del "Catálogo Monumental de España: provincia de Álava", Madrid, S. de Rivadeneira, 1915. aDonadas junto con la memoria manuscrita a la Academia por el mismo Baraibar (Sesión 12 de febrero de 1912, Archivo: 4-32-1)27aIglesia Parroquial Nuestra Señora de la Asunción (Marañón)9111636 7aÁlava2embne975661 0aFotografías de monumentos91115801 aBaráibar y Zumárraga, Federico d(1851-1918)912926 jFot-229 3Fot-229uhttps://archivoybiblioteca.realacademiabellasartessanfernando.com/cgi-bin/koha/opac-retrieve-file.pl?id=4e940e31ae89f9b2ca3d9f90ca458fb0 2ddccFOTOGRAFÍAn0 00102ddc40708FOTOGRAFIAaRABASFbRABASFcDP2d2025-04-30l0oFot-229p1095522r2025-04-30 10:11:36w2025-04-30yFOTOGRAFÍA c84636d84636